Pruebas de barcos de pesca en estanques

Furkejuvvon:
Bibliográfalaš dieđut
Váldodahkki: Traung, Jan-Olof (Dahkki)
Materiálatiipa: Girji
Giella:espánnjágiella
Almmustuhtton: Roma Organización de las Naciones Unidas para la Agricultura y la Alimentación 1955
Fáttát:
Fáddágilkorat: Lasit fáddágilkoriid
Eai fáddágilkorat, Lasit vuosttaš fáddágilkora!

MARC

LEADER 00000nam a2200000 a 4500
001 UCY3731
003 CL-VaPUC
008 950116e19550000IT |||||||||||||||||spa|d
082 0 4 |a 623.8248  |b TRA  |2 21 
100 0 |a Traung, Jan-Olof  |e author  |9 332101 
245 1 0 |a Pruebas de barcos de pesca en estanques 
300 |a 2 v 
942 |c BK 
945 |d 19950116 00:00:00  |a mfernand 
260 |a Roma  |b Organización de las Naciones Unidas para la Agricultura y la Alimentación  |c 1955 
650 7 |a BARCOS PESQUEROS  |2 CL-VaPUC  |9 260861 
583 |a last modification  |c 19950116 00:00:00  |k Rodrigo Vera 
999 |c 231789  |d 231787 
952 |0 0  |1 0  |4 0  |6 623_824800000000000_TRA_1955  |7 0  |8 CCM  |9 235473  |a BIBCUR  |b BIBCUR  |d 2019-11-15  |h v.1  |i 3051439  |o 623.8248 TRA 1955  |p 3051439  |r 2025-04-22  |w 2019-11-15  |y BK  |k CIM 
952 |0 0  |1 0  |4 0  |6 623_824800000000000_TRA_1955  |7 0  |8 CCM  |9 235474  |a BIBCUR  |b BIBCUR  |d 2019-11-15  |h v.2  |i 3051447  |o 623.8248 TRA 1955  |p 3051447  |r 2025-04-22  |w 2019-11-15  |y BK  |k CIM 
952 |0 0  |1 0  |2 ddc  |4 0  |6 623_824800000000000_TRA_1955  |7 0  |8 CCM  |9 235475  |a BIBCUR  |b BIBCUR  |c PAC  |d 2019-11-15  |h v.2  |i 3051463  |o 623.8248 TRA 1955  |p 3051463  |r 2025-04-22  |w 2019-11-15  |y BK  |k CIM 
952 |0 0  |1 0  |2 ddc  |4 0  |6 623_824800000000000_TRA_1955  |7 0  |8 CCM  |9 235476  |a BIBCUR  |b BIBCUR  |c PAC  |d 2019-11-15  |h v.2  |i 3051471  |o 623.8248 TRA 1955  |p 3051471  |r 2025-04-22  |w 2019-11-15  |y BK  |k CIM